000 00939nas a2200313 4500
001 BR2011005208
003 BR-BrBNA
005 20231205115604.0
007 ta
008 230509b bl.|||p| |||| 00| 00por d
040 _aBR-BrBNA
_bpor
_cBiblioteca Nacional de Agricultura
041 _a(Pt)
072 _aF40; F63
100 1 _aNava, G.A.
100 1 _aMarodin, G.A.B.
100 1 _aSantos, R.P. dos
100 1 _aPaniz, R.
100 1 _aBergamaschi, H.
100 1 _aDalmago, G.A.
245 1 _aDesenvolvimento floral e produção de pessegueiros Granada sob distintas condições climáticas
650 _aPÊSSEGO
650 _aCONDIÇÃO AMBIENTAL
650 _aTEMPERATURA
650 _aPÓLEN
650 _aÓVULO
773 0 _tRevista Brasileira de Fruticultura (Brazil)
_xISSN 0100 2945
_g(Jun 2011), v. 33(2) p. 472-481
_wBR2011005208
909 _a202311
_bLúcia
_c55
_dLúcia Elande
942 _2AGRIS
_n0
_cANA
999 _c214641
_d214641